000 00334nam a2200145Ia 4500
008 200103s9999||||xx |||||||||||||| ||und||
020 _a9780330298094
040 _aIMU-MPC
082 _aColumn-60
100 _aAdir, John
245 0 _aEffective Teambuilding
260 _bRupa Company
_c1996
300 _aviii, 212
942 _cBK
999 _c10905
_d10905